000
00336pab a2200145 454500
008
180718b1988 xxu||||| |||| 00| 0 eng d
100
_a
Sutcliffe, Bob.
245
_a
AIDS and civil liberties
_b
A comment
260
_c
1988
300
_a
40-2
362
_a
Nov.
650
_a
Civil Liberties
773
_a
Monthly Review
909
_a
5645
999
_c
5645
_d
5645